000 00655nam a22001937a 4500
005 20230323031234.0
008 230323b |||||||| |||| 00| 0 eng d
020 _a971-08-6513-7
082 _aG.S./Fil. 001.4 T266 2004
100 _aTejero, Erlinda G.
_eauthor
245 _aThesis and dissertation writing:
_ba modular approach /
_cErlinda G. Tejero; Gerry C. Catchillar, coordinator
260 _aMandaluyong City:
_bNational Book Store,
_cc2004
300 _axiii, 250p.
504 _aIncludes bibliographies and index
541 _e2093 c.1, 2094 c.2
650 _aResearch
650 _aDissertation
700 _aCatchillar, Gerry C.
_ecoordinator
999 _c1966
_d1966